[Event "Oberliga Bayern 0506"]
[Site "Bayern"]
[Date "2005.11.13"]
[Round "2.8"]
[White "Limmer, Stefan"]
[Black "Gayer, Michael"]
[Result "1-0"]
[WhiteElo "2171"]
[BlackElo "2042"]
[PlyCount "41"]
[EventDate "2005.10.23"]
[EventType "team-tourn"]
[EventRounds "9"]
[EventCountry "GER"]
[SourceTitle "EXT 2007"]
[Source "ChessBase"]
[SourceDate "2006.11.23"]
[SourceVersion "1"]
[SourceVersionDate "2006.11.23"]
[SourceQuality "1"]
[WhiteTeam "Pasing"]
[BlackTeam "Krumbach"]
[WhiteTeamCountry "GER"]
[BlackTeamCountry "GER"]

1. e4 c5 2. c3 Nf6 3. e5 Nd5 4. d4 cxd4 5. Nf3 e6 6. cxd4 d6 7. Nc3 Nc6 8. Bc4 Nxc3 9. bxc3 dxe5 10. 0-0 exd4 11. cxd4 Be7 12. Rb1 0-0 13. Bd3 Nb4 14. Bxh7+ Kxh7 15. Rxb4 b6 16. Rb5 Bb7 17. Rh5+ Kg8 18. Ne5 Be4 19. Qe2 Bf5 20. Nc6 Qd7 21. Nxe7+ 1-0

[Event "Oberliga Bayern 9899"]
[Site "Bayern"]
[Date "1999.03.14"]
[Round "6.8"]
[White "Limmer, Stefan"]
[Black "Hertel, Christina"]
[Result "1-0"]
[WhiteElo "2155"]
[BlackElo "1805"]
[PlyCount "117"]
[EventDate "1998.10.11"]
[EventType "team-tourn"]
[EventRounds "9"]
[EventCountry "GER"]
[SourceTitle "EXT 2020"]
[Source "ChessBase"]
[SourceDate "2019.10.17"]
[SourceVersion "1"]
[SourceVersionDate "2019.10.17"]
[SourceQuality "1"]
[WhiteTeam "Pasing"]
[BlackTeam "Hof SK"]
[WhiteTeamCountry "GER"]
[BlackTeamCountry "GER"]

1. e4 c5 2. c3 d5 3. exd5 Qxd5 4. d4 Nf6 5. Nf3 Bg4 6. Be2 e6 7. 0-0 Be7 8. h3 Bh5 9. Na3 Nc6 10. Be3 cxd4 11. Nb5 Rc8 12. c4 Qd8 13. Nfxd4 Bxe2 14. Qxe2 Nxd4 15. Bxd4 a6 16. Bxf6 gxf6 17. Rfd1 Qb6 18. Nc3 Rg8 19. Rac1 Qc6 20. Qe4 f5 21. Qxc6+ Rxc6 22. Na4 Bg5 23. Rc3 Ke7 24. Rcd3 Rxc4 25. Rd7+ Kf6 26. Nb6 Rc2 27. Rxb7 Bh4 28. Nd7+ Kg7 29. g3 Kh6 30. Rd3 f4 31. Rb4 Bg5 32. Ne5 Rc7 33. Ng4+ Kh5 34. Rc3 Rxc3 35. bxc3 fxg3 36. fxg3 f5 37. Ne5 Bf6 38. g4+ fxg4 39. hxg4+ Kh6 40. Nf3 Bxc3 41. Re4 Re8 42. Kg2 Kg7 43. Rc4 Bf6 44. Rc6 a5 45. Rc5 Ra8 46. g5 Bb2 47. Nh4 Ra7 48. Kf3 a4 49. Kg4 a3 50. Kh5 Rd7 51. Rc6 Re7 52. Ng2 e5 53. Ne3 Rf7 54. Ng4 Re7 55. Nh6 Kf8 56. Nf5 Rd7 57. Kh6 Rb7 58. Rc8+ Kf7 59. Nd6+ 1-0

[Event "Oberliga Bayern 9899"]
[Site "Bayern"]
[Date "1999.01.17"]
[Round "4.8"]
[White "Limmer, Stefan"]
[Black "Urban, Michael"]
[Result "1-0"]
[WhiteElo "2155"]
[BlackElo "2115"]
[PlyCount "81"]
[EventDate "1998.10.11"]
[EventType "team-tourn"]
[EventRounds "9"]
[EventCountry "GER"]
[SourceTitle "EXT 2020"]
[Source "ChessBase"]
[SourceDate "2019.10.17"]
[SourceVersion "1"]
[SourceVersionDate "2019.10.17"]
[SourceQuality "1"]
[WhiteTeam "Pasing"]
[BlackTeam "Muenchen FC Bayern"]
[WhiteTeamCountry "GER"]
[BlackTeamCountry "GER"]

1. e4 e5 2. f4 exf4 3. Nf3 h6 4. Nc3 d6 5. d4 g5 6. Bc4 Bg7 7. 0-0 Nc6 8. e5 dxe5 9. Re1 Nge7 10. d5 g4 11. dxc6 Qxd1 12. Rxd1 gxf3 13. Nd5 Nxd5 14. Bxd5 b6 15. gxf3 Bf5 16. c4 0-0-0 17. Bd2 Be6 18. Bxe6+ fxe6 19. Bc3 Rxd1+ 20. Rxd1 Rd8 21. Re1 Rd6 22. Bxe5 Bxe5 23. Rxe5 Rxc6 24. Re4 e5 25. b3 Rg6+ 26. Kf2 Kd7 27. Re1 Rg5 28. h4 Rh5 29. Rh1 Ke6 30. Ke2 Rf5 31. Rg1 Rh5 32. Rh1 Kf5 33. Kd3 e4+ 34. fxe4+ Kg4 35. Rg1+ Kxh4 36. Rg6 c5 37. Ke2 Re5 38. Kf3 h5 39. Rg1 Re8 40. e5 Rxe5 41. Kxf4 1-0

[Event "Oberliga Bayern 9899"]
[Site "Bayern"]
[Date "1998.10.25"]
[Round "2.8"]
[White "Stadler, Lothar"]
[Black "Limmer, Stefan"]
[Result "0-1"]
[WhiteElo "1810"]
[BlackElo "2155"]
[PlyCount "130"]
[EventDate "1998.10.11"]
[EventType "team-tourn"]
[EventRounds "9"]
[EventCountry "GER"]
[SourceTitle "EXT 2020"]
[Source "ChessBase"]
[SourceDate "2019.10.17"]
[SourceVersion "1"]
[SourceVersionDate "2019.10.17"]
[SourceQuality "1"]
[WhiteTeam "Milbertshofen (SG Schwabing)"]
[BlackTeam "Pasing"]
[WhiteTeamCountry "GER"]
[BlackTeamCountry "GER"]

1. Nf3 Nf6 2. d4 c5 3. e3 g6 4. Be2 Bg7 5. 0-0 0-0 6. c4 d6 7. dxc5 dxc5 8. Qxd8 Rxd8 9. Nc3 Nc6 10. Na4 Ne4 11. Rd1 Be6 12. Nd2 Nxd2 13. Bxd2 b6 14. Bc3 Ne5 15. b3 Rab8 16. Rac1 Bf5 17. Nb2 Rxd1+ 18. Rxd1 Nf3+ 19. gxf3 Bxc3 20. Nd3 Rd8 21. e4 Bc8 22. Nf4 Bd4 23. Nd5 Kf8 24. Kg2 g5 25. Nc7 a6 26. Nd5 Rd6 27. Ne3 Rh6 28. Kg1 Be6 29. Nf1 Ke8 30. Ng3 Be5 31. Rd2 Bf4 32. Rd1 Bd7 33. Rd3 e6 34. Rd1 Rg6 35. Bd3 Be5 36. Ne2 h5 37. Ng3 h4 38. Ne2 Bc6 39. Bc2 Ke7 40. h3 Rg8 41. Nc1 Rf8 42. Nd3 Bd6 43. Kg2 Rd8 44. a3 a5 45. Kf1 f5 46. e5 Bc7 47. Ke2 Rd4 48. Rg1 g4 49. fxg4 fxg4 50. Rxg4 Rxg4 51. hxg4 h3 52. f3 h2 53. Nf2 Bxe5 54. Bd1 Kf6 55. Kf1 Bd4 56. Nh1 Kg5 57. Kg2 Be5 58. Nf2 Kh4 59. Nh1 Bf4 60. Bc2 Be5 61. a4 Bd4 62. Bd1 Bg1 63. Ng3 e5 64. Bc2 Kg5 65. Ne2 Bxf3+ 0-1

[Event "Oberliga Bayern 9798"]
[Site "Bayern"]
[Date "1998.??.??"]
[Round "?.7"]
[White "Limmer, Stefan"]
[Black "Daeubler, Heinrich"]
[Result "1-0"]
[WhiteElo "2135"]
[BlackElo "2095"]
[PlyCount "35"]
[EventDate "1997.10.??"]
[EventType "team-tourn"]
[EventRounds "9"]
[EventCountry "GER"]
[SourceTitle "EXT 2020"]
[Source "ChessBase"]
[SourceDate "2019.10.17"]
[SourceVersion "1"]
[SourceVersionDate "2019.10.17"]
[SourceQuality "1"]
[WhiteTeam "Pasing"]
[BlackTeam "Haunstetten TSV"]
[WhiteTeamCountry "GER"]
[BlackTeamCountry "GER"]

1. e4 e5 2. f4 d5 3. exd5 c6 4. Nc3 exf4 5. Nf3 Nf6 6. d4 Bd6 7. Qe2+ Kf8 8. Ne5 Bxe5 9. dxe5 Bg4 10. Qf2 Nxd5 11. Nxd5 Qxd5 12. Bxf4 Qe4+ 13. Be3 Nd7 14. Bd3 Qb4+ 15. c3 Nxe5 16. 0-0 Qa5 17. Rae1 Be6 18. Bc5+ 1-0

[Event "Oberliga Bayern 9697"]
[Site "Bayern"]
[Date "1997.??.??"]
[Round "?"]
[White "Limmer, Stefan"]
[Black "Bredl, Harald"]
[Result "0-1"]
[WhiteElo "2150"]
[BlackElo "2280"]
[PlyCount "80"]
[EventDate "1996.10.13"]
[EventType "team-tourn"]
[EventRounds "9"]
[EventCountry "GER"]
[SourceTitle "EXT 2020"]
[Source "ChessBase"]
[SourceDate "2019.10.17"]
[SourceVersion "1"]
[SourceVersionDate "2019.10.17"]
[SourceQuality "1"]
[WhiteTeam "Pasing"]
[BlackTeam "Milbertshofen (SG Schwabing)"]
[WhiteTeamCountry "GER"]
[BlackTeamCountry "GER"]

1. e4 g6 2. f4 Bg7 3. Nf3 d5 4. e5 h5 5. d4 Nh6 6. Be3 Bg4 7. c4 Nf5 8. Bf2 dxc4 9. Nbd2 c6 10. Bxc4 e6 11. Qb3 Bxf3 12. Nxf3 Qb6 13. Qc3 Qc7 14. h3 Bf8 15. Ng5 Be7 16. Ne4 h4 17. 0-0 Nd7 18. Qb3 Kf8 19. Nc5 Nxc5 20. dxc5 Kg7 21. Rad1 Rad8 22. Bd3 Rd5 23. Bxf5 gxf5 24. Rxd5 cxd5 25. Rc1 Qc6 26. Qa3 Kh6 27. Bd4 Qb5 28. Kf2 Rg8 29. Rc3 b6 30. b4 bxc5 31. bxc5 Qb1 32. Rc1 Qe4 33. Qe3 Qxg2+ 34. Ke1 Rg3 35. Qe2 Qxh3 36. Bf2 Rc3 37. Rc2 Rxc2 38. Qxc2 Qh1+ 39. Kd2 Qf3 40. Ke1 h3 0-1

[Event "Oberliga Bayern 9798"]
[Site "Bayern"]
[Date "1997.??.??"]
[Round "?.7"]
[White "Limmer, Stefan"]
[Black "Riedel, Hartmut"]
[Result "1/2-1/2"]
[WhiteElo "2135"]
[BlackElo "2170"]
[PlyCount "80"]
[EventDate "1997.10.??"]
[EventType "team-tourn"]
[EventRounds "9"]
[EventCountry "GER"]
[SourceTitle "EXT 2020"]
[Source "ChessBase"]
[SourceDate "2019.10.17"]
[SourceVersion "1"]
[SourceVersionDate "2019.10.17"]
[SourceQuality "1"]
[WhiteTeam "Pasing"]
[BlackTeam "Zirndorf"]
[WhiteTeamCountry "GER"]
[BlackTeamCountry "GER"]

1. e4 e6 2. d4 d5 3. e5 c5 4. c3 Nc6 5. Nf3 Bd7 6. a3 f6 7. Bd3 Qc7 8. 0-0 a6 9. b4 c4 10. Bc2 f5 11. a4 Be7 12. Na3 Nd8 13. Bf4 g6 14. Re1 Nf7 15. h4 Qd8 16. g3 Kf8 17. Nb1 h6 18. Bc1 Be8 19. Kg2 g5 20. Rh1 Kg7 21. Nbd2 Bc6 22. Qe2 g4 23. Ng1 h5 24. Qe3 Ngh6 25. Ne2 Qe8 26. Nf4 Nd8 27. Re1 b6 28. Nf1 Ra7 29. Bd2 Ba8 30. Kg1 Qf7 31. Reb1 Ng8 32. Qe2 Nh6 33. Ne3 Rc7 34. Neg2 Ra7 35. Be3 Ng8 36. Qd2 Nh6 37. Rf1 Rd7 38. Ne2 Qe8 39. b5 a5 40. Rae1 Ndf7 1/2-1/2

[Event "Oberliga Bayern 9798"]
[Site "Bayern"]
[Date "1997.??.??"]
[Round "?.7"]
[White "Schindler, Viktor"]
[Black "Limmer, Stefan"]
[Result "0-1"]
[WhiteElo "1970"]
[BlackElo "2135"]
[PlyCount "56"]
[EventDate "1997.10.??"]
[EventType "team-tourn"]
[EventRounds "9"]
[EventCountry "GER"]
[SourceTitle "EXT 2020"]
[Source "ChessBase"]
[SourceDate "2019.10.17"]
[SourceVersion "1"]
[SourceVersionDate "2019.10.17"]
[SourceQuality "1"]
[WhiteTeam "Pang/Rosenheim"]
[BlackTeam "Pasing"]
[WhiteTeamCountry "GER"]
[BlackTeamCountry "GER"]

1. d4 Nf6 2. c4 c5 3. d5 b5 4. cxb5 a6 5. Nc3 axb5 6. e4 b4 7. Nb5 d6 8. Bf4 g5 9. Bxg5 Nxe4 10. Bf4 Qa5 11. Bd3 Bg7 12. Qe2 f5 13. f3 b3+ 14. Kf1 Qxa2 15. Re1 0-0 16. Bc1 Ra4 17. g3 Ba6 18. Kg2 c4 19. Bxe4 Bxb5 20. Bb1 Qxb1 21. Qe6+ Kh8 22. Nh3 f4 23. Qxe7 c3 24. Ng5 cxb2 25. Ne6 Qc2+ 26. Kh3 Qf5+ 27. g4 Qf7 28. Nxg7 Qxe7 0-1

[Event "Oberliga Bayern 9596"]
[Site "Bayern"]
[Date "1996.??.??"]
[Round "?"]
[White "Limmer, Stefan"]
[Black "Kannenberg, Karl Heinz"]
[Result "1-0"]
[WhiteElo "2135"]
[BlackElo "2145"]
[PlyCount "80"]
[EventDate "1995.10.15"]
[EventType "team-tourn"]
[EventRounds "9"]
[EventCountry "GER"]
[SourceTitle "EXT 2020"]
[Source "ChessBase"]
[SourceDate "2019.10.17"]
[SourceVersion "1"]
[SourceVersionDate "2019.10.17"]
[SourceQuality "1"]
[WhiteTeam "Pasing"]
[BlackTeam "Kitzingen SC"]
[WhiteTeamCountry "GER"]
[BlackTeamCountry "GER"]

1. e4 c6 2. d4 d5 3. e5 Bf5 4. Nc3 e6 5. g4 Bg6 6. Nge2 c5 7. Be3 cxd4 8. Nxd4 Nc6 9. Bb5 Qc7 10. f4 Nge7 11. 0-0 0-0-0 12. Na4 Be4 13. c3 h5 14. g5 Nf5 15. Bf2 Nfxd4 16. cxd4 Qa5 17. Bxc6 bxc6 18. Rc1 Kb7 19. Be1 Qa6 20. a3 Qd3 21. Qxd3 Bxd3 22. Rf3 Bb5 23. Nc5+ Bxc5 24. Rxc5 g6 25. Rb3 Ka8 26. Ba5 Rb8 27. Rbc3 Bc4 28. Bb4 Rhc8 29. b3 Bb5 30. Kf2 Kb7 31. a4 Ba6 32. Ra5 Kb6 33. Rac5 Bb7 34. Ba5+ Ka6 35. b4 Ba8 36. Ke3 Kb7 37. b5 cxb5 38. Bc7 b4 39. Rc1 b3 40. Rb5+ Ka6 1-0

[Event "Oberliga Bayern 9697"]
[Site "Bayern"]
[Date "1996.??.??"]
[Round "?"]
[White "Limmer, Stefan"]
[Black "Wachinger, Guenther"]
[Result "0-1"]
[WhiteElo "2150"]
[BlackElo "2285"]
[PlyCount "82"]
[EventDate "1996.10.13"]
[EventType "team-tourn"]
[EventRounds "9"]
[EventCountry "GER"]
[SourceTitle "EXT 2020"]
[Source "ChessBase"]
[SourceDate "2019.10.17"]
[SourceVersion "1"]
[SourceVersionDate "2019.10.17"]
[SourceQuality "1"]
[WhiteTeam "Pasing"]
[BlackTeam "Pang/Rosenheim"]
[WhiteTeamCountry "GER"]
[BlackTeamCountry "GER"]

1. e4 c5 2. c3 Nf6 3. e5 Nd5 4. d4 cxd4 5. Nf3 Nc6 6. cxd4 d6 7. Bc4 dxe5 8. dxe5 Ndb4 9. a3 Qxd1+ 10. Kxd1 Na6 11. e6 Bxe6 12. Bxe6 fxe6 13. b4 Nc7 14. Bb2 Rg8 15. h4 g6 16. Nbd2 Bg7 17. Bxg7 Rxg7 18. Ke2 Nb5 19. h5 g5 20. h6 Rg6 21. Rh5 Nbd4+ 22. Kf1 g4 23. Nh4 Rg8 24. Ne4 Rd8 25. Rg5 Rxg5 26. Nxg5 Rd5 27. Nxh7 Rh5 28. g3 Nf3 29. b5 Ncd4 30. Rc1 Rxh6 31. Rc8+ Kd7 32. Rh8 Kc7 33. Nxf3 Nxf3 34. Ke2 Ng5 35. Nxg5 Rxh8 36. Nxe6+ Kd6 37. Ng5 Kc5 38. Ke3 Kxb5 39. Kf4 Rf8+ 40. Kxg4 Rf6 41. Ne4 Rf8 0-1

[Event "Oberliga Bayern 9697"]
[Site "Bayern"]
[Date "1996.??.??"]
[Round "?"]
[White "Olbrich, Joachim"]
[Black "Limmer, Stefan"]
[Result "1/2-1/2"]
[WhiteElo "2330"]
[BlackElo "2150"]
[PlyCount "122"]
[EventDate "1996.10.13"]
[EventType "team-tourn"]
[EventRounds "9"]
[EventCountry "GER"]
[SourceTitle "EXT 2020"]
[Source "ChessBase"]
[SourceDate "2019.10.17"]
[SourceVersion "1"]
[SourceVersionDate "2019.10.17"]
[SourceQuality "1"]
[WhiteTeam "Marktheidenfeld"]
[BlackTeam "Pasing"]
[WhiteTeamCountry "GER"]
[BlackTeamCountry "GER"]

1. e4 c5 2. Nc3 Nc6 3. Nge2 Nf6 4. g3 g6 5. Bg2 Bg7 6. 0-0 0-0 7. d3 d6 8. h3 Rb8 9. a4 a6 10. Be3 Ne8 11. Qd2 Nd4 12. Kh2 b5 13. axb5 axb5 14. Nc1 Nc7 15. Nd1 b4 16. c3 Nc6 17. Bh6 Bd7 18. Bxg7 Kxg7 19. Ne3 e5 20. f4 f6 21. Ne2 Qe7 22. d4 Ra8 23. Rxa8 Rxa8 24. Rd1 Bc8 25. Nd5 Qd8 26. Nb6 bxc3 27. bxc3 Ra5 28. dxe5 Ne8 29. exf6+ Kf8 30. Nc4 Qxf6 31. e5 Qe6 32. Nxa5 Nxa5 33. Qd5 Qxd5 34. Bxd5 Ba6 35. Ng1 Bc4 36. exd6 Nxd6 37. Bxc4 Naxc4 38. Ne2 Ke7 39. Nc1 Ke6 40. Nb3 Ne4 41. Re1 Kd5 42. Rxe4 Kxe4 43. Nxc5+ Kf3 44. Nd7 Kf2 45. h4 Nd2 46. Kh3 Nf3 47. h5 gxh5 48. f5 Ke3 49. Nf6 h4 50. Nxh7 hxg3 51. Kxg3 Ne5 52. Ng5 Nd7 53. Kg4 Nf6+ 54. Kg3 Nh5+ 55. Kh4 Nf6 56. Ne6 Kd3 57. Kg5 Nd7 58. Kg6 Kxc3 59. Kf7 Ne5+ 60. Ke7 Ng4 61. Ng5 Nh6 1/2-1/2

[Event "Oberliga Bayern 9596"]
[Site "Bayern"]
[Date "1996.??.??"]
[Round "?"]
[White "Taggatz, Mario"]
[Black "Limmer, Stefan"]
[Result "0-1"]
[WhiteElo "2225"]
[BlackElo "2135"]
[PlyCount "62"]
[EventDate "1995.10.15"]
[EventType "team-tourn"]
[EventRounds "9"]
[EventCountry "GER"]
[SourceTitle "EXT 2020"]
[Source "ChessBase"]
[SourceDate "2019.10.17"]
[SourceVersion "1"]
[SourceVersionDate "2019.10.17"]
[SourceQuality "1"]
[WhiteTeam "Regensburg Fortuna"]
[BlackTeam "Pasing"]
[WhiteTeamCountry "GER"]
[BlackTeamCountry "GER"]

1. Nf3 Nf6 2. c4 c5 3. Nc3 d6 4. d4 cxd4 5. Nxd4 g6 6. g3 Bd7 7. Bg2 Nc6 8. Nc2 Bg7 9. 0-0 0-0 10. b3 Qa5 11. Bd2 Qh5 12. Re1 Bh3 13. Bh1 Ng4 14. Rc1 f5 15. Nd5 g5 16. Nce3 f4 17. Nxg4 fxg3 18. hxg3 Bxg4 19. Ne3 Ne5 20. Bc3 Rxf2 21. Kxf2 Qh2+ 22. Ng2 Bh3 23. Bxe5 Bxe5 24. Qd5+ e6 25. Qd3 Bxg3+ 26. Qxg3 Rf8+ 27. Qf3 h5 28. Qxf8+ Kxf8 29. Rg1 h4 30. Ke3 Qe5+ 31. Kd2 Qd4+ 0-1

[Event "Landesliga Sued 9495"]
[Site "Bayern"]
[Date "1995.03.05"]
[Round "6.5"]
[White "Schmaus, Horst"]
[Black "Limmer, Stefan"]
[Result "1/2-1/2"]
[WhiteElo "1904"]
[BlackElo "2140"]
[PlyCount "142"]
[EventDate "1994.10.09"]
[EventType "team-tourn"]
[EventRounds "9"]
[EventCountry "GER"]
[SourceTitle "EXT 2020"]
[Source "ChessBase"]
[SourceDate "2019.10.17"]
[SourceVersion "1"]
[SourceVersionDate "2019.10.17"]
[SourceQuality "1"]
[WhiteTeam "Landshut"]
[BlackTeam "Pasing"]
[WhiteTeamCountry "GER"]
[BlackTeamCountry "GER"]

1. e4 c5 2. Nf3 Nc6 3. d4 cxd4 4. Nxd4 Nf6 5. Nc3 e5 6. Ndb5 d6 7. Bg5 a6 8. Na3 b5 9. Nd5 Be7 10. Bxf6 Bxf6 11. c3 0-0 12. Nc2 Rb8 13. Be2 Bg5 14. 0-0 f5 15. exf5 Bxf5 16. Nce3 Bxe3 17. Nxe3 Be6 18. Nd5 Rb7 19. Qd3 Qg5 20. Rad1 Nd4 21. f4 Nxe2+ 22. Qxe2 Qg4 23. Qe4 Rbf7 24. Rde1 Bxd5 25. Qxd5 exf4 26. Re7 g5 27. Rf3 Qf5 28. Qxf5 Rxf5 29. Ra7 Rd5 30. Rh3 Rf7 31. Rxf7 Kxf7 32. Rxh7+ Ke6 33. Ra7 Rd1+ 34. Kf2 Rd2+ 35. Kf3 Rxb2 36. Rxa6 Rc2 37. Ra3 Ke5 38. Rb3 d5 39. a3 Kf5 40. h3 Ke5 41. g3 Rd2 42. gxf4+ gxf4 43. h4 Rd3+ 44. Kf2 Rh3 45. h5 Rxh5 46. Rxb5 Rh2+ 47. Ke1 Rc2 48. Rc5 Ke4 49. Rc8 Ra2 50. Ra8 Ke3 51. Re8+ Kd3 52. Rd8 Ra1+ 53. Kf2 Kc4 54. Rc8+ Kb3 55. Rd8 Rd1 56. Ke2 Kc2 57. a4 Rd2+ 58. Kf3 Kxc3 59. a5 d4 60. Rc8+ Kd3 61. Kxf4 Rf2+ 62. Ke5 Ra2 63. Ra8 Ke3 64. Kd5 d3 65. Kc4 d2 66. Re8+ Kf2 67. Rf8+ Ke1 68. Re8+ Kd1 69. Kb5 Kc2 70. Rd8 Ra3 71. Rxd2+ Kxd2 1/2-1/2

[Event "Landesliga Sued 9495"]
[Site "Bayern"]
[Date "1995.02.05"]
[Round "5.5"]
[White "Limmer, Stefan"]
[Black "Nitsche, Dirk"]
[Result "0-1"]
[WhiteElo "2140"]
[BlackElo "2177"]
[PlyCount "78"]
[EventDate "1994.10.09"]
[EventType "team-tourn"]
[EventRounds "9"]
[EventCountry "GER"]
[SourceTitle "EXT 2020"]
[Source "ChessBase"]
[SourceDate "2019.10.17"]
[SourceVersion "1"]
[SourceVersionDate "2019.10.17"]
[SourceQuality "1"]
[WhiteTeam "Pasing"]
[BlackTeam "Tegernsee TV"]
[WhiteTeamCountry "GER"]
[BlackTeamCountry "GER"]

1. e4 e5 2. Nf3 Nc6 3. Bb5 Nge7 4. c3 d6 5. d4 Bd7 6. dxe5 dxe5 7. Bc4 Nc8 8. 0-0 Nb6 9. Bd5 Bd6 10. Bg5 Qc8 11. Nbd2 0-0 12. Re1 h6 13. Be3 Nxd5 14. exd5 Ne7 15. Nc4 Ng6 16. Qc1 Kh7 17. Nfd2 f5 18. f3 Qd8 19. Nf1 Qf6 20. Nxd6 cxd6 21. f4 b6 22. Qd2 Rac8 23. Qf2 Bb5 24. Rad1 Bc4 25. Rd2 Rfe8 26. g3 Re7 27. fxe5 dxe5 28. d6 Rd7 29. Ra1 Ba6 30. Rad1 Bb7 31. h3 f4 32. gxf4 exf4 33. Bd4 Qg5+ 34. Kh2 Nh4 35. Rd3 Be4 36. R1d2 Rxd6 37. Qe2 Bxd3 38. Qxd3+ Rg6 39. Rf2 Qg1# 0-1